| 000 | 00493nam a22001577a 4500 | ||
|---|---|---|---|
| 003 | macl | ||
| 005 | 20180218131237.0 | ||
| 008 | 180218b xxu||||| |||| 00| 0 eng d | ||
| 040 | _cmacl | ||
| 082 | _a741.642 | ||
| 100 |
_aआर के गुप्ता _970425 |
||
| 245 | _aझांसी की रानी लक्ष्मीबाई | ||
| 260 | _bगलोबल पब्लिकेशन | ||
| 650 |
_aचिल्ड्रन बुक _9159 |
||
| 942 |
_2ddc _cHIN |
||
| 999 |
_c57278 _d57278 |
||